Cơ sở lý thuyết hàm và giải tích
保存先:
| 第一著者: | |
|---|---|
| フォーマット: | 図書 |
| 言語: | Undetermined |
| 出版事項: |
H.
Giáo Dục
|
| 主題: | |
| タグ: |
タグ追加
タグなし, このレコードへの初めてのタグを付けませんか!
|
| Thư viện lưu trữ: | Trung tâm Học liệu Trường Đại học Cần Thơ |
|---|
| LEADER | 00486nam a2200169Ia 4500 | ||
|---|---|---|---|
| 001 | CTU_55630 | ||
| 008 | 210402s9999 xx 000 0 und d | ||
| 020 | |b 32000 | ||
| 082 | |a 515.7 | ||
| 082 | |b Kh507/T2 | ||
| 100 | |a Nguyễn Văn Khuê | ||
| 245 | 0 | |a Cơ sở lý thuyết hàm và giải tích | |
| 245 | 0 | |c Nguyễn Văn Khuê | |
| 260 | |a H. | ||
| 260 | |b Giáo Dục | ||
| 650 | |a functional analysis | ||
| 980 | |a Trung tâm Học liệu Trường Đại học Cần Thơ | ||